000 00495nab a2200145Ia 4500
003 ES-SlBCS
005 20210601125236.0
008 140529s1976 xxu||||| |||| 00| 0 eng d
041 _aeng
100 1 _aKumar Chakrabarti, Kisor
_9155871
245 0 0 _aSome Comparisons between Frege's Logic and Navya-Nyaya Logic
_c Kisor Kumar Chakrabarti
600 1 _aFrege, Gottlob-Lógica
_9155872
773 0 _tPhilosophy and Phenomenological Research
_gvol. 36, 1976, págs. 554-563
_wRev1411
942 _cAR
999 _c527104
_d527104